Energía y poder : (Registro nro. 197747)

Detalles MARC
000 -LEADER
campo de control de longitud fija 01549nam a2200409 i 4500
001 - NÚMERO DE CONTROL
campo de control 197747
003 - IDENTIFICADOR DE NÚMERO DE CONTROL
campo de control ES-GrU
005 - FECHA Y HORA DE LA ÚLTIMA TRANSACCIÓN
campo de control 20250912063059.0
007 - CAMPO FIJO DE DESCRIPCIÓN FÍSICA--INFORMACIÓN GENERAL
campo de control de longitud fija ta
008 - DATOS DE LONGITUD FIJA--INFORMACIÓN GENERAL
campo de control de longitud fija 250423s2005 mx 000 0 spa d
020 ## - NÚMERO INTERNACIONAL ESTÁNDAR DEL LIBRO
Número Internacional Estándar del Libro 9681677307
035 ## - NÚMERO DE CONTROL DEL SISTEMA
Número de control de sistema (ES-GrU)b16116185-34cbua_ugr
035 ## - NÚMERO DE CONTROL DEL SISTEMA
Número de control de sistema (OCoLC)1085756612
040 ## - FUENTE DE CATALOGACIÓN
Centro catalogador/agencia de origen Mpons
Centro/agencia modificador UGR
Lengua de catalogación spa
Centro/agencia transcriptor ES-MaACL
080 ## - NÚMERO DE LA CLASIFICACIÓN DECIMAL UNIVERSAL
Número de la Clasificación Decimal Universal 620
100 1# - ENTRADA PRINCIPAL--NOMBRE DE PERSONA
Nombre de persona Beder, Sharon
9 (RLIN) 241324
Término indicativo de función/relación Autor
245 10 - MENCIÓN DEL TÍTULO
Título Energía y poder :
Resto del título la lucha por el control de la electricidad en el mundo /
Mención de responsabilidad, etc. Sharon Beder ; traducción de Teresa Carter.
250 ## - MENCION DE EDICION
Mención de edición Primera edición 2005
260 ## - PUBLICACIÓN, DISTRIBUCIÓN, ETC.
Lugar de publicación, distribución, etc. México :
Nombre del editor, distribuidor, etc. Fondo de Cultura Económica,
Fecha de publicación, distribución, etc. 2005.
300 ## - DESCRIPCIÓN FÍSICA
Extensión 702 páginas ;
Dimensiones 18 cm.
336 ## - TIPO DE CONTENIDO
Fuente rdacontent
Término de tipo de contenido texto
337 ## - TIPO DE MEDIO
Fuente rdamedia
Nombre/término del tipo de medio sin mediación
338 ## - TIPO DE SOPORTE
Fuente rdacarrier
Nombre/término del tipo de soporte volumen
490 1# - MENCIÓN DE SERIE
Mención de serie Colección popular (Fondo de Cultura Económica) ;
Designación de volumen o secuencia 664
650 #7 - PUNTO DE ACCESO ADICIONAL DE MATERIA--TÉRMINO DE MATERIA
Término de materia o nombre geográfico como elemento de entrada Política energética
9 (RLIN) 161693
650 #7 - PUNTO DE ACCESO ADICIONAL DE MATERIA--TÉRMINO DE MATERIA
Término de materia o nombre geográfico como elemento de entrada Electricidad
Fuente del encabezamiento o término embne
9 (RLIN) 12159
650 #0 - PUNTO DE ACCESO ADICIONAL DE MATERIA--TÉRMINO DE MATERIA
Término de materia o nombre geográfico como elemento de entrada Privatización
Fuente del encabezamiento o término EMBUS
9 (RLIN) 241325
650 #0 - PUNTO DE ACCESO ADICIONAL DE MATERIA--TÉRMINO DE MATERIA
Término de materia o nombre geográfico como elemento de entrada Distribución de energía eléctrica
Fuente del encabezamiento o término UGRAU
9 (RLIN) 241326
650 #7 - PUNTO DE ACCESO ADICIONAL DE MATERIA--TÉRMINO DE MATERIA
Término de materia o nombre geográfico como elemento de entrada Industria eléctrica
9 (RLIN) 165597
700 1# - ENTRADA AGREGADA--NOMBRE PERSONAL
Nombre de persona Carter, Teresa
9 (RLIN) 241327
Término indicativo de función/relación Traductor
852 ## - LOCALIZACIÓN
Ubicación ES-MaACL
Ubicación en estantería Depósito J
Número de control de estantería N-10658
Donativo/Legado Donación: José Lázaro García
Encuadernación Encuadernación rústica
itemnumber 206784
903 ## - NOMBRE PERSONAL DE DONANTE
9 234219
a Lázaro García, José
e Donante
942 ## - ELEMENTOS DE ENTRADA SECUNDARIOS (KOHA)
Tipo de ítem Koha Libro impreso
Suprimir en OPAC No
Existencias
Estatus retirado Estado de pérdida Fuente del sistema de clasificación o colocación Estado de daño No para préstamo Biblioteca de origen Biblioteca actual Ubicación en estantería Fecha de adquisición Fuente de adquisición Total de préstamos Signatura topográfica completa Código de barras Visto por última vez Precio de reemplazo Tipo de ítem Koha
    Clasificación decimal universal     Biblioteca del Ateneo de Madrid Biblioteca del Ateneo de Madrid Depósito J 10/09/2025 Donación   N-10658 2025-1160 10/09/2025 10/09/2025 Libro impreso